<?xml version="1.0" encoding="UTF-8"?>
<record
    xmlns:xsi="http://www.w3.org/2001/XMLSchema-instance"
    xsi:schemaLocation="http://www.loc.gov/MARC21/slim http://www.loc.gov/standards/marcxml/schema/MARC21slim.xsd"
    xmlns="http://www.loc.gov/MARC21/slim">

  <leader>01010caa a22002417a 4500</leader>
  <datafield tag="999" ind1=" " ind2=" ">
    <subfield code="c">410247</subfield>
    <subfield code="d">410247</subfield>
  </datafield>
  <controlfield tag="001"> 123331 </controlfield>
  <controlfield tag="003">UA-OsUOA</controlfield>
  <controlfield tag="005">20200111230813.0</controlfield>
  <controlfield tag="007">ta</controlfield>
  <controlfield tag="008">20170612b un ||||| |||| 00| 0 ukr d</controlfield>
  <datafield tag="040" ind1=" " ind2=" ">
    <subfield code="a">UA-OsUOA</subfield>
    <subfield code="b">ukr</subfield>
    <subfield code="c">UA-OsUOA</subfield>
    <subfield code="d">UA-OsUOA</subfield>
  </datafield>
  <datafield tag="041" ind1=" " ind2=" ">
    <subfield code="a">ukr</subfield>
  </datafield>
  <datafield tag="080" ind1=" " ind2=" ">
    <subfield code="a">908</subfield>
  </datafield>
  <datafield tag="090" ind1=" " ind2=" ">
    <subfield code="a">908</subfield>
    <subfield code="b">&#x428;67</subfield>
  </datafield>
  <datafield tag="100" ind1=" " ind2=" ">
    <subfield code="a">&#x428;&#x43A;&#x43E;&#x43B;&#x44C;&#x43D;&#x430; &#x41E;.</subfield>
  </datafield>
  <datafield tag="245" ind1=" " ind2=" ">
    <subfield code="a">&#x414;&#x43E; &#x43F;&#x438;&#x442;&#x430;&#x43D;&#x43D;&#x44F; &#x432;&#x438;&#x43D;&#x438;&#x43A;&#x43D;&#x435;&#x43D;&#x43D;&#x44F; &#x43F;&#x435;&#x440;&#x448;&#x438;&#x445; &#x441;&#x43F;&#x435;&#x446;&#x456;&#x430;&#x43B;&#x456;&#x437;&#x43E;&#x432;&#x430;&#x43D;&#x438;&#x445; &#x432;&#x438;&#x440;&#x43E;&#x431;&#x43D;&#x438;&#x446;&#x442;&#x432; &#x43F;&#x440;&#x43E;&#x43C;&#x438;&#x441;&#x43B;&#x43E;&#x432;&#x43E;&#x433;&#x43E; &#x441;&#x430;&#x43D;&#x456;&#x442;&#x430;&#x440;&#x43D;&#x43E;&#x433;&#x43E; &#x444;&#x430;&#x440;&#x444;&#x43E;&#x440;&#x443;-&#x444;&#x430;&#x44F;&#x43D;&#x441;&#x443; &#x432; &#x423;&#x43A;&#x440;&#x430;&#x457;&#x43D;&#x456; (&#x43A;&#x456;&#x43D;. &#x425;&#x406;&#x425; &#x2013; &#x43F;&#x43E;&#x447;. &#x425;&#x425; &#x441;&#x442;.): &#x445;&#x443;&#x434;&#x43E;&#x436;&#x43D;&#x456; &#x43E;&#x441;&#x43E;&#x431;&#x43B;&#x438;&#x432;&#x43E;&#x441;&#x442;&#x456;</subfield>
    <subfield code="c">&#x41E;. &#x428;&#x43A;&#x43E;&#x43B;&#x44C;&#x43D;&#x430;</subfield>
  </datafield>
  <datafield tag="300" ind1=" " ind2=" ">
    <subfield code="a">&#x421;. 114&#x2013;124</subfield>
  </datafield>
  <datafield tag="650" ind1=" " ind2="7">
    <subfield code="a">908 &#x41A;&#x440;&#x430;&#x454;&#x437;&#x43D;&#x430;&#x432;&#x441;&#x442;&#x432;&#x43E;</subfield>
    <subfield code="2">UDC</subfield>
  </datafield>
  <datafield tag="773" ind1="0" ind2=" ">
    <subfield code="0">399316</subfield>
    <subfield code="9">416564</subfield>
    <subfield code="d">&#x41E;&#x441;&#x442;&#x440;&#x43E;&#x433; &#x41D;&#x430;&#x423;&#x41E;&#x410; 2008</subfield>
    <subfield code="o">148879</subfield>
    <subfield code="t">&#x41E;&#x441;&#x442;&#x440;&#x43E;&#x437;&#x44C;&#x43A;&#x438;&#x439; &#x43A;&#x440;&#x430;&#x454;&#x437;&#x43D;&#x430;&#x432;&#x447;&#x438;&#x439; &#x437;&#x431;&#x456;&#x440;&#x43D;&#x438;&#x43A;</subfield>
    <subfield code="w">(UA-OsUOA) 113459 </subfield>
  </datafield>
  <datafield tag="942" ind1=" " ind2=" ">
    <subfield code="c">BKA</subfield>
    <subfield code="2">udc</subfield>
  </datafield>
  <datafield tag="955" ind1=" " ind2=" ">
    <subfield code="a">1</subfield>
  </datafield>
</record>
